00501cam a22001574a 4500020002600000020002200026040000800048082002600056245009200082260006300174300002600237650001600263650001500279700002800294700002100322 a185383890X (hardback) a1853838918 (pbk.) cDLC00a333 EAR 2002 A016 Or.00aHolding their ground :bsecure land tenure for the urban poor in developing countries / aLondon ;aSterling, Va. :bEarthscan Publications,cc2002. axvi, 264 p. ;c25 cm. 0aLand tenure 0aUrban poor1 aDurand-Lasserve, Alain.1 aRoyston, Lauren,